Top 15 meilleur joueur de Liverpool - Statistiques

Statistiques générales
  • Ce quiz a été pris 182 fois
  • Le résultat moyen est 6 sur 15
Statistiques - réponses
Année de jeu Poste Joueur % Correct
1998 - 2015 Milieu Steven Gerrard
97%
2017 - 2024 Attaquant Mohamed Salah
92%
2018 - 2024 Défenseur Virgil Van Dijk
88%
2016 - 2023 Attaquant Sadio Mané
85%
2011 - 2014 Attaquant Luis Suarez
72%
1997 - 2004 Attaquant Michael Owen
50%
1996 - 2013 Défenseur Jamie Carragher
42%
1980 - 19871988 - 1996 Attaquant Ian Rush
37%
1985 - 19912011 - 2012 Attaquant Kenny Dalglish
37%
1993 - 2001 2006 - 2007 Attaquant Robbie Fowler
17%
1971 - 1977 Attaquant Kevin Keegan
10%
1987 - 1997 Attaquant John Barnes
9%
1978 - 1984 Milieu Graeme Souness
4%
1967 - 1981 Gardien Ray Clemence
4%
1977 - 1991 Défenseur Alan Hansen
3%
Aucun quiz correspondant
Distribution des résultats
% des personnes avec chaque résultat
Percentile par nombre de réponses
Votre historique - résultats
Vous n’avez pas pris ce quiz